Streamline English Departures: Workbook B

Opis bibliograficzny
1. autor: Hartley B. Bernard
Kolejni autorzy: Viney P. Peter
Język:angielski
Wydane: Oxford, Oxford University Press, 1994
Hasła przedmiotowe:
Format: MixedMaterials Książka
KOHA link:https://koha.lib.tpu.ru/cgi-bin/koha/opac-detail.pl?biblionumber=5323

MARC

LEADER 00000nam0a2200000 4500
001 5323
005 20231030175432.0
010 |a 0194322343 
035 |a (RuTPU)RU\TPU\book\5351 
035 |a BOOK00005402 
090 |a 5323 
100 |a 20011209d1994 m y0engy50 ba 
101 0 |a eng 
102 |a GB 
105 |a y j 000zy 
200 1 |a Streamline English Departures  |e Workbook B  |f B. Hartley, P. Viney 
210 |a Oxford  |c Oxford University Press  |d 1994 
215 |a 40 p. 
610 1 |a английский язык 
610 1 |a учебные пособия 
686 |a Ш143.21-923  |v LBC/SL-A  |2 rubbk 
700 1 |a Hartley  |b B.  |g Bernard 
701 1 |a Viney  |b P.  |g Peter 
801 0 |a RU  |b 63413507  |c 20011209  |g PSBO 
801 2 |a RU  |b 63413507  |c 20161115  |g PSBO 
942 |c BK